Statistics for ENGLISH Formula 1 Grand Prix Pole Winners

Click here to take the quiz!

General Stats

  • This quiz has been taken 124 times
  • The average score is 7 of 12

Answer Stats

No.YearsDRIVER% Correct
882007-19Lewis Hamilton
99%
321980-92, 1994-95Nigel Mansell
89%
82000-17Jenson Button
84%
201992-99Damon Hill
72%
161951-61Stirling Moss
70%
141973-79James Hunt
68%
41952-58Mike Hawthorn
67%
131958-75Graham Hill
65%
81960-72John Surtees
55%
31956-61Tony Brooks
38%
21957-58Stuart Lewis-Evans
11%
11966Mike Parkes
10%

Score Distribution

Percentile by Number Answered

Percent of People with Each Score

Your Score History

You have not taken this quiz